CSKA Moscow players (2010-2020) - Statistics

General Stats
  • This quiz has been taken 9 times
  • The average score is 32 of 82
Answer Stats
Rank Player Positions Nationality Matches Goals (assists) Period % Correct
1 Igor Akinfeev GK 291 0 (1) 2009-2009, 2010-2020
100%
10 Aleksey Berezutskiy CB 146 4 (2) 2009-2009, 2010-2018
86%
21 Roman Eremenko AM 59 19 (12) 2014-2017
86%
3 Vasiliy Berezutskiy CB 210 3 (13) 2009-2009, 2010-2018
86%
11 Ahmed Musa LW 135 48 (27) 2010-2016, 2017-2018
71%
16 Keisuke Honda AM 94 20 (19) 2009-2009, 2010-2014
71%
4 Mário Fernandes RB 208 5 (33) 2012-2020
71%
9 Pontus Wernbloom CM 167 17 (16) 2010-2018
71%
2 Sergey Ignashevich CB 228 17 (10) 2009-2009, 2010-2018
71%
12 Seydou Doumbia ST 108 66 (33) 2009-2009, 2010-2016
71%
26 Viktor Vasin CB 53 2 (0) 2010-2012, 2015-2020
71%
7 Zoran Tosic RW 182 37 (24) 2009-2009, 2010-2017
71%
5 Alan Dzagoev CM 200 38 (55) 2009-2009, 2010-2020
57%
37 Arnór Sigurdsson LW 43 9 (3) 2018-2020
57%
13 Bibras Natcho AM 101 24 (20) 2014-2018
57%
15 Fedor Chalov ST 95 35 (22) 2016-2020
57%
14 Georgi Milanov CM 99 5 (10) 2013-2018
57%
39 Igor Diveev CB 36 0 (1) 2018-2020
57%
8 Kirill Nababkin CB 181 3 (4) 2009-2009, 2010-2020
57%
63 Roman Shirokov CM 8 0 (1) 2015-2016
57%
42 Steven Zuber AM 29 1 (1) 2013-2015
57%
29 Vágner Love ST 51 24 (19) 2009-2009, 2010-2014
57%
50 Abel Hernández ST 14 3 (1) 2018-2019
43%
17 Aleksandr Golovin AM 81 9 (9) 2014-2018
43%
79 Egor Ivanov 0 0 0 (0) 2011-2012
43%
45 Elvir Rahimic DM 24 0 (1) 2009-2009, 2010-2012, 2013-2014
43%
35 Evgeniy Aldonin DM 46 0 (2) 2009-2009, 2010-2012
43%
6 Georgiy Shchennikov LB 196 6 (9) 2009-2009, 2010-2020
43%
30 Hördur Magnússon CB 50 4 (0) 2018-2020
43%
33 Ilzat Akhmetov AM 47 2 (4) 2018-2020
43%
27 Ivan Oblyakov AM 51 7 (12) 2018-2020
43%
31 Jaka Bijol CB 48 5 (4) 2018-2020
43%
24 Kristijan Bistrovic CM 55 3 (6) 2017-2020
43%
36 Mark González LW 44 5 (9) 2009-2009, 2010-2014
43%
53 Milos Krasic RW 14 2 (0) 2009-2009
43%
25 Nikola Vlašić AM 55 17 (10) 2018-2020
43%
34 Rasmus Elm CM 47 5 (6) 2012-2014
43%
43 Rodrigo Becão CB 28 0 (0) 2018-2019
43%
54 Sergey Chepchugov GK 14 0 (0) 2009-2009, 2010-2014, 2016-2017
43%
40 Timur Zhamaletdinov ST 30 4 (1) 2016-2019
43%
32 Tomas Necid ST 48 10 (2) 2009-2009, 2010-2013
43%
65 Vladimir Gabulov GK 7 0 (0) 2010-2012
43%
46 Aaron Olanare ST 21 3 (0) 2015-2018
29%
74 Aleksandr Makarov RW 1 0 (0) 2017-2018
29%
20 Aleksandrs Cauna DM 61 3 (5) 2010-2016
29%
44 Aleksey Ionov RW 24 3 (3) 2016-2017
29%
51 Chidi Odiah RB 14 1 (0) 2009-2009, 2010-2012
29%
23 Deividas Semberas DM 55 0 (0) 2009-2009, 2010-2012
29%
38 Dmitriy Efremov RM 37 0 (3) 2012-2016, 2018-2020
29%
69 Ilya Pomazun GK 2 0 (0) 2017-2018
29%
68 Ilya Shkurin ST 4 0 (0) 2019-2020
29%
61 Khetag Khosonov DM 10 0 (0) 2017-2019
29%
41 Kirill Panchenko CF 29 3 (3) 2014-2016
29%
48 Konstantin Bazelyuk ST 18 2 (1) 2013-2015
29%
28 Konstantin Kuchaev AM 51 0 (2) 2016-2020
29%
58 Konstantin Maradishvili DM 11 0 (0) 2019-2020
29%
52 Lacina Traoré ST 14 5 (0) 2016-2017
29%
70 Lucas Santos AM 2 0 (0) 2019-2020
29%
66 Nair Tiknizyan LB 5 0 (1) 2019-2020
29%
59 Nikita Chernov CB 11 0 (0) 2018-2019
29%
18 Pavel Mamaev CM 79 2 (7) 2009-2009, 2010-2013
29%
19 Sekou Oliseh RW 65 3 (5) 2009-2009, 2010-2013
29%
64 Sergey Tkachev AM 8 0 (0) 2015-2016
29%
55 Vadim Karpov CB 13 0 (0) 2019-2020
29%
78 Aleksandr Vasiljev RW 0 0 (0) 2011-2012
14%
75 Artem Popov LB 1 0 (0) 2010-2012
14%
57 Astemir Gordyushenko CM 11 0 (1) 2016-2019
14%
47 Carlos Strandberg ST 19 5 (0) 2014-2017
14%
67 Cédric Gogoua CB 4 1 (0) 2019-2020
14%
80 Evgeniy Kobzar LW 0 0 (0) 2011-2012
14%
56 Guilherme AM 12 5 (1) 2009-2009
14%
76 In-sung Kim LW 1 0 (0) 2010-2012
14%
77 Petr Ten LB 1 0 (0) 2011-2013
14%
62 Ravil Netfullin DM 8 0 (0) 2012-2013
14%
71 Semen Fedotov DM 2 0 (0) 2010-2012
14%
81 Serder Serderov ST 0 0 (0) 2011-2012
14%
72 Sergey Revyakin GK 2 0 (0) 2010-2012
14%
49 Takuma Nishimura CF 17 2 (0) 2018-2020
14%
22 Vitinho LW 58 17 (12) 2013-2015, 2016-2018
14%
82 Vyacheslav Isupov 0 0 0 (0) 2011-2012
14%
73 Vyacheslav Karavaev RB 2 0 (0) 2013-2014
14%
60 Zvonimir Sarlija CB 11 0 (0) 2019-2020
14%
No matching quizzes found
Score Distribution
Percent of People with Each Score
Percentile by Number Answered
Your Score History
You have not taken this quiz